English Words of Hindi and Urdu Origin - Statistics

General Stats
  • This quiz has been taken 129 times
  • The average score is 4 of 8
Answer Stats
Definition Word % Correct
Good or bad luck, viewed as resulting from one's actions. Karma
86%
Liquid preparation for washing the hair. Shampoo
71%
Low house having only one storey or, in some cases, upper rooms set in the roof, typically with dormer windows. Bungalow
67%
Transcendent state in which there is neither suffering, desire, nor sense of self, and the subject is released from the effects of karma and the cycle of death and rebirth. Nirvana
57%
Strong cotton or wool fabric of a dull brownish-yellow colour, used especially in military clothing. Khaki
54%
Large coloured handkerchief, typically with white spots, worn tied around the head or neck. Bandana
48%
Garment consisting of trousers with a bib held up by straps over each shoulder Dungaree
32%
Expert in a particular subject or field who is frequently called upon to give their opinions to the public. Pundit
32%
No matching quizzes found
Score Distribution
Percent of People with Each Score
Percentile by Number Answered
Your Score History
You have not taken this quiz